000 00607nam a22002057a 4500
999 _c18745
_d18745
003 AR-CdUCM
008 190515b ||||| |||| 00| 0 spa d
040 _aMUNICIPALIDAD PROVINCIAL DEL CUSCO
_cBIBLIOTECA MUNICIPAL DEL CUSCO
082 _a869.5 /
_bG45
100 _aGil de Pareja, Vilma
_939522
245 _aInmolación /
260 _aLima :
_bImprenta Tipsal,
_c1989
300 _a98 paginas ;
_c22 cm.
505 _aContenido : Poemario
650 _aPeomas
_939523
650 _aPoetas cusqueñas
_939524
650 _aPoetas peruanas
_936825
942 _2ddc
_cLIBROS
945 _awnts
_d2019-05-15